000
00267nam a22001217a 4500
008
181022b xxu||||| |||| 00| 0 eng d
041
_a
eng
080
_2
8 ED
_a
311
100
_a
55
101
_a
STA
245
_a
Elementary Statistics
_c
NEIL.w
942
_2
udc
_c
BK
999
_c
50500
_d
50500